LEADER 01204nam a2200253 i 4500 001 000000160523 003 CaOOAMICUS 005 20070327000000.0 008 070327s1976 it u000 u ita u 013 $a137886 040 $aSeMil$bita 100 1 $aRonza, Robi,$d<1941- >.$0(OLS)http://semarc/name/20705 245 10$aFriuli dalle tende al deserto ? :$bscena e retroscena di una ricostruzione mancata : 6 maggio-30 settembre 1976 /$cRobi Ronza. 260 $aMilano :$bJaca Book,$ccopyr. 1976. 300 $a228 p. :$bill. ;$c19 cm. 490 0 $aDi fronte e attraverso. Pocket ;$v13 650 4$aFriuli-Venezia Giulia - Storia.$0(OLS)http://semarc/subject/984 650 4$aFriuli-Venezia Giulia - 1976.$0(OLS)http://semarc/subject/17434 830 0$aDi fronte e attraverso. Pocket ;$v13.$0(OLS)http://semarc/title/14295 850 $aSeMil 852 $aSeMil$W1$xVenegono$y1$m3V I 314$j111992$B111992$CSeMilBibl$Z2$F122834 $81 961 $aOmaggio: Altro 996 $6245$aFriuli dalle tende al deserto ? :$bscena e retroscena di una ricostruzione mancata : 6 maggio-30 settembre 1976$9(OLS)http://semarc/title/143245 996 $6260$aMilano :$bJaca Book$9(OLS)http://semarc/publisher/29781 LEADER 00544naa a2200145 i 4500 001 000000293136 003 CaOOAMICUS 005 20180831172439.0 008 180831n xx u000 u und u 013 $a342 040 $aSeMil$bita 100 1 $aForment, Eudaldo.$0(OLS)http://semarc/name/84748 245 13$aLa dignidad de la persona humana como hombre y como mujer. P. 149-161. 773 0 $tAntropologia Tomista.$kStudi tomistici$w()39674 996 $6245$aLa dignidad de la persona humana como hombre y como mujer. P. 149-161.$9(OLS)http://semarc/title/369214